Determinación del nivel de dilución apropiado en el proceso de clarificación y diseño de un sistema de control automático de la dilución del licor de prensa. (Registro nro. 26524)

Detalles MARC
000 -ENCABEZADO
Número de control [NR] 04807nam a22004097i 4500
001 - NÚMERO DE CONTROL
control field B-11759
003 - IDENTIFICADOR DE CONTROL NÚMERO
control field CO-BoFNCP
007 - CAMPO DESCRIPCIÓN FÍSICA FIJA - INFORMACIÓN GENERAL
fixed length control field t||
008 - DE LONGITUD FIJA DE DATOS DE ELEMENTOS - INFORMACIÓN GENERAL
Elementos de longitud fija [NR] 090306s2008 ck r spa d
040 ## - FUENTE DE CATALOGACION [NR]
Agencia de catalogación original [NR] CO-BoFNCP
Idioma de catalogación [NR] Español
Quien Cataloga CO-BoFNCP
Convenciones de la descripción [NR] rda
041 ## - CODIGO DE IDIOMA [R]
Código de idioma para texto/pista de sonido o título separado [R] Español
043 ## - CODIGO DE AREA GEOGRAFICA [NR]
Código de área geográfica [R] ck
084 ## - OTRO NUMERO DE CLASIFICACION [R]
Número clasificador [R] A-
100 1# - ASIENTO PRINCIPAL--NOMBRE PERSONAL [NR]
Nombre personal [NR] Yáñez A., Edgar E.
ID Autoridad 38534,
Término relacionador [R] autor.
Relator code aut
245 10 - MENCION DE TITULO [NR]
Título [NR] Determinación del nivel de dilución apropiado en el proceso de clarificación y diseño de un sistema de control automático de la dilución del licor de prensa.
246 2# - FORMA VARIANTE DEL TITULO [R]
Título propiamente dicho/forma breve del título [NR] Dilution levels of diluted press liquor in the palm-oil clarification process and the design of an automated control system to maintain dilution levels of the press liquor
264 #4 - PRODUCCIÓN, PUBLICACIÓN, DISTRIBUCIÓN, FABRICACIÓN Y COPYRIGHT
Fecha de producción, publicación, distribución, fabricación o copyright ©2008
300 ## - DESCRIPCION FISICA [R]
Extensión [R] páginas 21-30 :
Otros detalles físicos [NR] Tablas, gráficos, fotografías.
336 ## - TIPO DE CONTENIDO
Término de tipo de contenido texto
Código de tipo de contenido txt
Fuente rdacontent
337 ## - TIPO DE MEDIO
Nombre/término del tipo de medio sin mediación
Código del tipo de medio n
Fuente rdamedia
338 ## - TIPO DE SOPORTE
Nombre/término del tipo de soporte volumen
Código del tipo de soporte nc
Fuente rdacarrier
500 ## - NOTA GENERAL [R]
Nota general [NR] Contiene resumen en español e inglés.
504 ## - NOTA DE BIBLIOGRAFIA, ETC. [R]
Nota de bibliografía, etc. [NR] Incluye 7 referencias bibliográficas.
520 ## - NOTA DE RESUMEN, ETC. [R]
Nota de sumario, etc. [NR] En este trabajo se evaluaron ocho niveles de dilución del licor de prensa (LP) en el proceso de clarificación del aceite en un rango entre 0,8 y 1,4, medidos en el licor de prensa diluido (LPD) como porcentaje volumen aceite / porcentaje volumen agua. Esta evaluación permitió establecer, dentro del rango indicado, una relación óptima de dilución de 1,4 (porcentaje volumen aceite/porcentaje volumen agua), que en relación con el nivel de dilución convencional de 1,0 (porcentaje volumen aceite/porcentaje volumen agua), incrementó la eficiencia de separación en 50 por ciento. Este valor permite reducir el consumo de agua en el proceso de clarificación en aproximadamente 29 por ciento, lo cual significa casi un 10 por ciento menos en el consumo total de agua por tonelada de aceite de palma. Un menor consumo de agua en el proceso de clarificación y en general en el proceso de extracción de aceite significa menores volúmenes en los equipos de clarificación y mayores tiempos de residencia, así como una reducción en la generación de efluentes del proceso. Se realizó un análisis reológico de las muestras de LPD, los cuales permitieron clasificar el tipo de fluido como No-newtoniano-Seudoplástico y analizar el efecto de la dilución sobre la viscosidad del licor de prensas diluido. Con lo anterior se diseñó y evaluó un sistema de control que permite garantizar una dilución adecuada (1,4 porcentaje volumen aceite/porcentaje volumen agua) y ajustada a las condiciones reales de procesamiento, que permite una rápida separación de aceite, un incremento global en la eficiencia del proceso y la reducción del impacto ambiental por disminución en el consumo de agua y generación de efluentes.
520 ## - NOTA DE RESUMEN, ETC. [R]
Nota de sumario, etc. [NR] In this study were evaluated eight levels of dilution for liquid coming out of the press (LP) in the palm oil clarification process in a range between 0.8 and 1.4, measured as percentage volume oil / percentage volume water in the diluted press-liquor (LPD). This assessment led to the establish, within the range considered, an optimal dilution of 1.4 (percentage volume oil / percentage volume water), which one in relation to the conventional dilution level of 1.0 (percentage volume oil / percentage volume water), increased the oil recovery efficiency by 50 percent. This value can reduce water consumption in the clarification process in approximately 29 percent, which means almost 10 percent less in total water consumption per ton of palm oil. In general, a lower consumption of water during the oil extraction process means lower sizes in clarifications equipment and larger residence times, as well as a reduction in the generation of effluents. Rheological analysis was conducted on samples taken from LPD, which led to classify the type of fluid as Non-Newtonian-Seudoplastic and analyze the effect of the dilution on the viscosity for the diluted press-liquor. That results was used to design and to evaluate a control system that ensures the appropriate dilution (1.4 percentage volume oil / percentage volume water) during current conditions of processing, which allows a quick separation of oil, an overall increase in the process efficiency and reducing environmental impact by decrease the water consumption and effluents generation.
650 #0 - ASIENTO SECUNDARIO DE MATERIA - TERMINO TEMATICO [R]
Término temático o nombre geográfico como elemento de entrada [NR] Aceite de palma
9 (RLIN) 29635.
650 #0 - ASIENTO SECUNDARIO DE MATERIA - TERMINO TEMATICO [R]
Término temático o nombre geográfico como elemento de entrada [NR] Clarificación.
9 (RLIN) 6028
650 #0 - ASIENTO SECUNDARIO DE MATERIA - TERMINO TEMATICO [R]
Término temático o nombre geográfico como elemento de entrada [NR] Licor de prensas
9 (RLIN) 33472.
650 #0 - ASIENTO SECUNDARIO DE MATERIA - TERMINO TEMATICO [R]
Término temático o nombre geográfico como elemento de entrada [NR] Manejo de efluentes
9 (RLIN) 33596.
650 #0 - ASIENTO SECUNDARIO DE MATERIA - TERMINO TEMATICO [R]
Término temático o nombre geográfico como elemento de entrada [NR] Sedimentación.
9 (RLIN) 24307
700 1# - ASIENTO SECUNDARIO - NOMBRE PERSONAL [R]
Nombre personal [NR] Castillo M., Edgar F.
9 (RLIN) 41347.
700 1# - ASIENTO SECUNDARIO - NOMBRE PERSONAL [R]
Nombre personal [NR] Díaz R., Óscar M.
9 (RLIN) 41348.
700 1# - ASIENTO SECUNDARIO - NOMBRE PERSONAL [R]
Nombre personal [NR] García N., Jesús A.
9 (RLIN) 37117.
773 0# - ASIENTO DEL ITEM FUENTE [R]
Asiento principal [NR] Palmas (Colombia)
Información sobre la relación [R] v. 29, no. 4 (2008), p.21-30
Número de control del registro [R] A-
Número Internacional Normalizado para Publicaciones Seriadas - ISSN [NR] 0121-2923
942 ## - ELEMENTOS DE ENTRADA AGREGADOS (KOHA)
Sistema de clasificación Local
Tipo de ítem principal el descrito en 300a Artículo
999 ## - NÚMEROS DE SISTEMAS DE CONTROL (KOHA)
Koha biblionumber 26524
Existencias
Estado de retiro (OPAC) Perdido Sistema de clasificación Dañado No prestable Ubicación habitual Ubicación actual Fecha de creación Total préstamos Signatura topográfica Código de barras Última vez visto Ejemplar Price effective from Tipo de ítem
    Local     1 - CID Palmero Bogotá 1 - CID Palmero Bogotá 10/21/2013   A- R-11759 10/21/2013 Ej. 1 10/21/2013 Artículo